| 000 | 00800nam a2200253 a 4500 | ||
|---|---|---|---|
| 001 | BRCA_5844 | ||
| 005 | 20190320205234.0 | ||
| 008 | 140311t1912----ne-#######---#000-0#eng-# | ||
| 041 | _aeng | ||
| 044 | _ane | ||
| 050 | 4 |
_aHG1282 _b.V58 _c1912 |
|
| 245 | 1 | 0 |
_aOn Chinese currency: preliminary remarks on the monetary and banking reform in China. _cG. Vissering |
| 260 |
_aÁmsterdam _bJ. H. de Bussy _c1912 |
||
| 300 |
_a207 p. _c26 cm. |
||
| 500 | _aInicio de la Publicación: 1912 | ||
| 500 | _a2 v. La Biblioteca tiene: v. 2. The Banking problem. | ||
| 500 | _aH105 | ||
| 650 | 1 | 4 |
_aCuestión Monetaria _zChina _910571 |
| 650 | 1 | 4 |
_aBanco y Operaciones Bancarias _zChina _914800 |
| 650 | 1 | 4 |
_aDinero _914801 |
| 651 | 4 |
_aChina _vPolítica Económica. _914802 |
|
| 902 | _aGFM | ||
| 942 |
_2lcc _cB |
||
| 999 |
_c5533 _d5533 |
||